000 00655nam a2200193 a 4500
005 20140310183552.0
008 111017s19uu xx 00 eng d
020 _a9781412971423
050 _aLC 4031
_b.D695 2010
100 _aDowning, June
245 _aAcademic instruction for students with moderate and severe intellectual disabilities in inclusive classroom /
_cJune E. Downing.
260 _aCalifornia :
_bCorwin,
_c2010.
300 _a189 p. :
_bill. ;
_c29 cm.
521 _aEDU
650 _aStudents with disabilities
_xEducation
_xUnited States
650 _aInclusive education
_xUnited States
942 _cBK
_2lcc
_kFOR
999 _c24967
_d24967